00630nam a2200181Ia 4500003000900000008004100009040001300050040001300063041000800076100002100084245013700105250001300242260001700255260000900272300001000281490000600291600015100297IT-RoPAU120407s9999 xx 000 0 und d aIT-RoPAU cIT-RoPAU aita aNicola De Marini aL’indole escatologica della Chiesa peregrinante e sua unione con la Chiesa celeste nella Costituzione conciliare Lumen gentium  aBrescia  aMorcelliana  c1972 c24 cm v1 a" 1.- Concilio vaticano II , Costituzione dogmatica “Lumen gentium” 2 -Chiesa 3 Escatologia 260 BNI 72-9125 "